000 00474nam a2200193Ia 4500
005 20250425161627.0
008 250425s9999 xx 000 0 und d
020 _a0070044309
041 _aeng
082 _a621.3192
100 _aBELOVE, CHARLES
245 0 _aSYSTEMS AND CIRCUITS FOR ELECTRICAL ENGINEERING TECHNOLOGY
250 _aS.E.
260 _aEstados Unidos
_bMCGRAW - HILL
_c1976
260 _aS.L.
300 _a661
942 _c01
010 _a24547
999 _c212856
_d212856